L'esprit du socialisme

Guardat en:
Dades bibliogràfiques
Autor principal: Jaures, Jean
Format: Llibre
Idioma:Undetermined
Publicat: Paris Editions Gonthier 1964
Matèries:
Etiquetes: Afegir etiqueta
Sense etiquetes, Sigues el primer a etiquetar aquest registre!
Thư viện lưu trữ: Trung tâm Học liệu Trường Đại học Cần Thơ
LEADER 00466nam a2200181Ia 4500
001 CTU_80370
008 210402s9999 xx 000 0 und d
082 |a 335.4 
082 |b J41 
100 |a Jaures, Jean 
245 0 |a L'esprit du socialisme 
245 0 |c Jean Jaures 
260 |a Paris 
260 |b Editions Gonthier 
260 |c 1964 
650 |a Economics,Socialisme 
904 |i Trọng Hải 
980 |a Trung tâm Học liệu Trường Đại học Cần Thơ